000 00781nam a2200229Ia 4500
003 GCL
008 140319s9999 xx 000 0 ara d
040 _aGCL /
_cGCL
082 0 4 _a377.1
_bم ت
100 1 _aمحمد منير مرسى
245 1 0 _aالتربية الاسلامية : اصولها وتطورها فى البلاد العربية /
_cمحمد منير مرسى
260 _a[S.N] :
_bعالم الكتب الحديث ،
_c1993
300 _a326 ص
490 _a
650 0 4 _aطرق التدريس
650 0 4 _aالاسلام
650 0 4 _aالاخلاق الاسلامية
650 0 4 _aالثقافة الاسلامية
650 0 4 _aالتعليم الدينى الاسلامى
650 0 4 _aالتربية الاسلامية
942 _2ddc
_cBK
999 _c31740
_d31740